[Event "Vancouver Open"]
[Site "Vancouver, WA"]
[Date "2014.08.10"]
[Round "5"]
[White "Mahajan Rushaan  (WA)"]
[Black "Richards Jerrold  (WA)"]
[Result "0-1"]
[WhiteElo "795"]
[BlackElo "1305"]
[Annotator ""]
[Source ""]
[Remark "Reserve"]

1.e4 e6 2.d4 d5 3.exd5 exd5 4.c4 Nf6 5.cxd5 Nxd5 6.Bc4 Bb4+ 7.Bd2
Bxd2+ 8.Nxd2 Qe7+ 9.Qe2 Qxe2+ 10.Nxe2 Be6 11.O-O O-O 12.Rac1
Nc6 13.Ng3 Rac8 14.f4 Nxd4 15.f5 Ne3 16.Bxe6 fxe6 17.Rfe1 Nexf5
18.Nxf5 exf5 19.Rc4 c5 20.b4 b6 21.Re7 Rf7 22.Re3 Rfc7 23.Rec3
Ne2+ 24.Kh1 Nxc3 25.Rxc3 cxb4 26.Rxc7 Rxc7 27.g3 Rc2 28.Nb3 Rxa2
29.Kg1 a5 30.h4 a4 31.Nc1 Ra1 32.Kf2 Rxc1 33.Ke2 Rc3 34.Kd2 a3
35.h5 a2 36.h6 a1Q 37.hxg7 Qb2+ 38.Ke1 Rc1# 0-1

[Event "Vancouver Open"]
[Site "Vancouver, WA"]
[Date "2014.08.10"]
[Round "5"]
[White "Hendricks David  (WA)"]
[Black "Botez Andrea  (OR)"]
[Result "0-1"]
[WhiteElo "1674"]
[BlackElo "1531"]
[Annotator ""]
[Source ""]
[Remark "Reserve"]

1.d4 d6 2.Bf4 g6 3.e3 Bg7 4.Nf3 Nf6 5.c4 O-O 6.Nc3 Nh5 7.Bg5
c6 8.Be2 f5 9.O-O Nd7 10.Rc1 Nhf6 11.b4 e5 12.dxe5 dxe5 13.c5
Qe8 14.Bc4+ Kh8 15.Qb3 b5 16.Nxb5 cxb5 17.Bxb5 Ne4 18.Rfd1 a6
19.Qd5 Ra7 20.Ba4 h6 21.Bh4 g5 22.Bg3 Ndf6 23.Qb3 Be6 24.Qc2
Qh5 25.Nxe5 Nd5 26.Nc6 Rb7 27.a3 Nec3 28.Rd2 f4 29.exf4 gxf4
30.Bxf4 Nxf4 31.Nd8 Qg5 32.Bc6 Bf5 33.Nxb7 Bxc2 34.Rcxc2 Nfe2+
35.Kf1 Nd4 36.Rxd4 Bxd4 37.Bf3 Qf5 38.Rc1 Qd3+ 0-1

[Event "Vancouver Open"]
[Site "Vancouver, WA"]
[Date "2014.08.10"]
[Round "5"]
[White "Gafni Kevin  (NV)"]
[Black "Ramasamy Vikram  (WA)"]
[Result "1-0"]
[WhiteElo "2054"]
[BlackElo "1901"]
[Annotator ""]
[Source ""]
[Remark "Open"]

1.e4 Nf6 2.e5 Nd5 3.d4 d6 4.c4 Nb6 5.exd6 cxd6 6.Nc3 g6 7.Be3
Bg7 8.Rc1 O-O 9.b3 Nc6 10.Nf3 Bg4 11.Be2 d5 12.c5 Nc8 13.h3 Bxf3
14.Bxf3 e6 15.O-O N8e7 16.Qd2 Nf5 17.Ne2 Nh4 18.Bh6 Nxf3+ 19.gxf3
Qh4 20.Bxg7 Kxg7 21.Kg2 Rae8 22.Rfd1 f5 23.f4 g5 24.b4 g4 25.Rc3
Re7 26.b5 Na5 27.Rg3 Nc4 28.Qc2 h5 29.Rh1 Qf6 30.hxg4 hxg4 31.Rxg4+
Kf7 32.Rg3 Rh8 33.Rxh8 Qxh8 34.Qa4 Qh5 35.Ng1 Kf6 36.Qxa7 Rh7
37.Nh3 Qe2 38.Qb8 Qe4+ 39.Kh2 Nd2 40.Qd8+ Re7 41.Qh8+ Kf7 42.Ng5+ 1-0

[Event "Vancouver Open"]
[Site "Vancouver, WA"]
[Date "2014.08.10"]
[Round "5"]
[White "Yoshinaga David  (OR)"]
[Black "Allen Robert  (WA)"]
[Result "1-0"]
[WhiteElo "1700"]
[BlackElo "1760"]
[Annotator ""]
[Source ""]
[Remark "Reserve"]

1.f4 c5 2.Nf3 Nc6 3.d4 cxd4 4.Nxd4 Nf6 5.Nc3 g6 6.e4 d6 7.Bb5
Bd7 8.Nxc6 bxc6 9.Ba4 Qa5 10.Bd2 Nxe4 11.Bxc6 Bxc6 12.Nxe4 Qd5
13.Nxd6+ Qxd6 14.Qe2 Bg7 15.Rd1 Bxb2 16.O-O Qc5+ 17.Be3 Bb5 18.Qf2
Qc7 19.Rfe1 O-O 20.Rb1 Qc3 21.f5 a6 22.Bh6 Rfe8 23.fxg6 hxg6
24.Re3 Qd4 25.c4 Bxc4 26.Rxb2 Be6 27.h4 Rac8 28.Rd2 Rc1+ 29.Kh2
Qc5 30.Qg3 Qf5 31.Rf2 Qb1 32.Qf3 Qf5 33.Rxe6 Qxe6 34.Bxc1 Rc8
35.Bb2 Rc4 36.g3 Qd6 37.Qa8+ 1-0

[Event "Vancouver Open"]
[Site "Vancouver, WA"]
[Date "2014.08.10"]
[Round "5"]
[White "Sinanan Joshua  (WA)"]
[Black "May Sarah  (WA)"]
[Result "1/2-1/2"]
[WhiteElo "2269"]
[BlackElo "2027"]
[Annotator ""]
[Source ""]
[Remark "Open"]

1.d4 d5 2.c4 c6 3.Nf3 Nf6 4.e3 e6 5.Nc3 Nbd7 6.Qc2 Be7 7.Bd3
dxc4 8.Bxc4 b5 9.Be2 Bb7 10.O-O O-O 11.Rd1 a6 12.a3 c5 13.dxc5
Bxc5 14.b4 Bb6 15.Bb2 Qe7 16.Rac1 Rfc8 17.Qb1 Rc7 18.Qa1 Rac8
19.h3 Ba7 20.Nd4 Bxd4 21.Rxd4 Nb6 22.Rcd1 Nc4 23.Bxc4 Rxc4 24.Ne2
Rc2 25.Ng3 R2c7 26.Rf4 Ne8 27.Rg4 f5 28.Rgd4 Nf6 29.R4d2 Ne4
30.Nxe4 Bxe4 31.Be5 Ra7 32.f3 Bd5 33.Qd4 Rc4 34.Qb6 Ra8 35.Kh2
Rc6 36.Qa5 Rc4 37.Rd4 Rxd4 38.Rxd4 Qb7 39.Rd3 Rc8 40.Rc3 Rxc3
41.Qd8+ Kf7 42.Bxc3 h6 43.h4 Kg6 44.Qe8+ Kh7 45.Be5 Qa8 46.Qe7
Qb7 47.Qf8 Qd7 48.Kg3 Bc6 49.Kf4 Bd5 50.g4 fxg4 51.fxg4 Qb7 52.e4
Bc6 53.g5 hxg5+ 54.hxg5 Qd7 55.Ke3 Kg6 56.Qg8 Qe7 57.Bf6 Qf7
58.Qxf7+ Kxf7 59.Be5 Kg6 60.Kf4 Bb7 61.Bc7 Kh5 62.Bd8 1/2-1/2